[Event "World Blitz 2016"]
[Site "Doha QAT"]
[Date "2016.12.30"]
[Round "18.24"]
[White "Nguyen, Ngoc Truong Son"]
[Black "Grandelius, Nils"]
[Result "1-0"]
[WhiteTitle "GM"]
[BlackTitle "GM"]
[WhiteElo "2629"]
[BlackElo "2643"]
[WhiteFideId "12401110"]
[BlackFideId "1710400"]
[EventDate "2016.12.29"]

1. d4 Nf6 2. Nf3 d5 3. Bf4 e6 4. e3 Bd6 5. Bg3 b6 6. c3 Bb7 7. Nbd2 Nbd7 8. Bd3
Ne4 9. Qe2 a6 10. Bc2 f5 11. Nxe4 fxe4 12. Ne5 Bxe5 13. dxe5 Qe7 14. Qh5+ Qf7
15. Qxf7+ Kxf7 16. f3 exf3 17. gxf3 Raf8 18. O-O-O Ke8 19. f4 a5 20. Rhe1 Rf7
21. e4 dxe4 22. Ba4 c6 23. Rxe4 b5 24. Bc2 Nc5 25. Red4 Rd7 26. Rd6 g6 27. Bf2
Rxd6 28. Rxd6 Nd7 29. Rxe6+ Kd8 30. Bh4+ Kc8 31. Re7 Rf8 32. Bg3 h5 33. Bxg6 h4
34. Bxh4 Rxf4 35. Re8+ Kc7 36. Bd8+ 1-0

[Event "World Blitz 2016"]
[Site "Doha QAT"]
[Date "2016.12.30"]
[Round "18.25"]
[White "Bu, Xiangzhi"]
[Black "Flores, Diego"]
[Result "1-0"]
[WhiteTitle "GM"]
[BlackTitle "GM"]
[WhiteElo "2705"]
[BlackElo "2579"]
[WhiteFideId "8601445"]
[BlackFideId "108049"]
[EventDate "2016.12.29"]

1. Nf3 c5 2. c4 g6 3. e4 Nf6 4. Nc3 Nc6 5. d4 cxd4 6. Nxd4 Nxd4 7. Qxd4 d6 8.
Bg5 Bg7 9. Be2 O-O 10. Qe3 Be6 11. Rd1 Qa5 12. O-O Rac8 13. Nd5 Bxd5 14. exd5
Rfe8 15. a3 e6 16. b4 Qa4 17. Qf3 exd5 18. Bxf6 Bxf6 19. Rxd5 Re6 20. Ra5 Qc2
21. Bd3 Qd2 22. Rxa7 Bd4 23. Rxb7 Rf6 24. Qe2 Qxe2 25. Bxe2 Ra8 26. Rb5 Rxa3 27.
Rd5 Bb6 28. Rd2 Rb3 29. b5 Bc5 30. g3 Re6 31. Kg2 Kg7 32. Bf3 g5 33. Bd5 Rf6 34.
Re2 h5 35. h3 Rf5 36. Rd1 h4 37. g4 Rf4 38. Rdd2 Kf6 39. Rb2 Rxb2 40. Rxb2 Bb6
41. Ra2 Ke5 42. f3 Kd4 43. Re2 Kc5 44. Re7 Rd4 45. Rxf7 Rd2+ 46. Kf1 Rh2 47. f4
gxf4 48. Bg2 Kxc4 49. g5 Kxb5 50. g6 Bd4 51. Rxf4 Be5 52. Rf5 1-0

[Event "World Blitz 2016"]
[Site "Doha QAT"]
[Date "2016.12.30"]
[Round "18.26"]
[White "Pichot, Alan"]
[Black "Lu, Shanglei"]
[Result "1-0"]
[WhiteTitle "GM"]
[BlackTitle "GM"]
[WhiteElo "2544"]
[BlackElo "2627"]
[WhiteFideId "110973"]
[BlackFideId "8603332"]
[EventDate "2016.12.29"]

1. e4 c5 2. Nf3 d6 3. d4 cxd4 4. Nxd4 Nf6 5. Nc3 a6 6. a4 g6 7. Be2 Bg7 8. O-O
O-O 9. Be3 Nc6 10. Qd2 Bd7 11. Rfd1 Rc8 12. Nxc6 Bxc6 13. f3 Nd7 14. Ra2 Re8 15.
Nd5 Nc5 16. b3 Bd7 17. a5 Be6 18. b4 Nd7 19. c4 Ne5 20. Rc2 f5 21. exf5 Bxf5 22.
Rcc1 Kh8 23. c5 dxc5 24. Bxc5 Nc6 25. Qe3 e5 26. Ne7 Nd4 27. Nxc8 Bxc8 28. Bb6
Qd7 29. Rc7 Qe6 30. Bc4 Qd6 31. Rxd4 Qxb4 32. Rd1 1-0

[Event "World Blitz 2016"]
[Site "Doha QAT"]
[Date "2016.12.30"]
[Round "18.27"]
[White "Perez Ponsa, Federico"]
[Black "Zhigalko, Sergei"]
[Result "0-1"]
[WhiteTitle "GM"]
[BlackTitle "GM"]
[WhiteElo "2585"]
[BlackElo "2671"]
[WhiteFideId "117927"]
[BlackFideId "13502956"]
[EventDate "2016.12.29"]

1. d4 Nf6 2. Bf4 e6 3. Nf3 d5 4. e3 Bd6 5. Bg3 O-O 6. Nbd2 b6 7. c3 c5 8. Ne5
Bb7 9. Bd3 Nc6 10. Qe2 Qc7 11. Nxc6 Bxc6 12. Bh4 Nd7 13. Nf3 e5 14. dxe5 Nxe5
15. Nxe5 Bxe5 16. Bg3 Rfe8 17. Qc2 h5 18. O-O-O b5 19. Bxe5 Qxe5 20. Kb1 a5 21.
h3 b4 22. cxb4 c4 23. Bh7+ Kh8 24. b5 Bxb5 25. Rd4 g6 26. Bxg6 fxg6 27. Qxg6 Ra6
28. Qc2 Rg8 29. g4 Be8 30. Ka1 Bg6 31. Qc3 Be4 32. Rg1 a4 33. f4 Qg7 34. g5 Rb6
35. Rgd1 Rgb8 36. R1d2 h4 37. f5 Bxf5 38. Rf2 Rb5 39. Rfd2 Ra8 40. b3 a3 41. b4 0-1

[Event "World Blitz 2016"]
[Site "Doha QAT"]
[Date "2016.12.30"]
[Round "18.28"]
[White "Al-Sayed, Mohammed"]
[Black "Moiseenko, Alexander"]
[Result "1-0"]
[WhiteTitle "GM"]
[BlackTitle "GM"]
[WhiteElo "2508"]
[BlackElo "2657"]
[WhiteFideId "12100196"]
[BlackFideId "14102560"]
[EventDate "2016.12.29"]

1. d4 Nf6 2. c4 e6 3. Nf3 Bb4+ 4. Nbd2 b6 5. a3 Bxd2+ 6. Qxd2 Bb7 7. e3 O-O 8.
Be2 d6 9. b3 Nbd7 10. Bb2 Ne4 11. Qc2 f5 12. d5 exd5 13. cxd5 Bxd5 14. Nd4 Ne5
15. f3 Qh4+ 16. g3 Nxg3 17. hxg3 Qxh1+ 18. Kd2 Qg2 19. Qxc7 Rad8 20. f4 Rd7 21.
Qc3 Nf3+ 22. Nxf3 Bxf3 23. Re1 Bxe2 24. Rxe2 Qd5+ 25. Ke1 Re8 26. Kf2 h6 27. Re1
Kh7 28. b4 Ree7 29. Qd4 Qxd4 30. Bxd4 Rc7 31. Kf3 Rc2 32. Ra1 d5 33. g4 fxg4+
34. Kxg4 Re6 35. a4 Rg6+ 36. Kf5 Rc7 37. a5 b5 38. Bc5 h5 39. Rh1 Rh6 40. Rh4 a6
41. Ke5 Rd7 42. f5 Kg8 43. Kf4 Kf7 44. Kg5 Rd8 45. Bd4 Re8 46. f6 gxf6+ 47. Kf5
Rg8 48. Rh2 Rg5+ 49. Kf4 h4 50. Bb6 h3 51. Bc7 Rg2 52. Rh1 h2 53. Kf3 Rc2 54.
Bf4 Ke6 55. Bxh6 Rb2 56. Bf4 Rxb4 57. Rxh2 Ra4 58. Bc7 d4 59. Rh4 dxe3 60. Rh1
Kd5 61. Kxe3 Ra3+ 62. Kd2 b4 63. Rc1 f5 64. Bb6 Ra2+ 65. Ke3 Ra3+ 66. Kf4 Rc3
67. Rb1 b3 68. Kxf5 Kc4 69. Bc7 Kd3 70. Be5 Kc2 71. Bxc3 Kxb1 72. Ke4 Kc2 73.
Kd4 Kc1 74. Kc5 Kc2 75. Bf6 Kd3 76. Kb6 Ke4 77. Kxa6 Kf5 78. Bb2 1-0

[Event "World Blitz 2016"]
[Site "Doha QAT"]
[Date "2016.12.30"]
[Round "18.29"]
[White "Amin, Bassem"]
[Black "Lalith, Babu M R"]
[Result "0-1"]
[WhiteTitle "GM"]
[BlackTitle "GM"]
[WhiteElo "2662"]
[BlackElo "2587"]
[WhiteFideId "10601457"]
[BlackFideId "5024595"]
[EventDate "2016.12.29"]

1. Nf3 Nf6 2. g3 b6 3. Bg2 Bb7 4. O-O e6 5. d3 d5 6. Nbd2 Be7 7. e4 dxe4 8. dxe4
O-O 9. e5 Nfd7 10. Qe2 c5 11. h4 Nc6 12. c3 Qc7 13. Re1 Rfd8 14. Nf1 Nf8 15. h5
h6 16. Bf4 a5 17. Rad1 Rxd1 18. Rxd1 Rd8 19. Rxd8 Qxd8 20. a4 Qd7 21. Qd2 Qc7
22. Ne3 Ba6 23. Bf1 Bb7 24. Be2 Nh7 25. Nc4 Nb8 26. Nd6 Bc6 27. Qd1 Ng5 28. Nxg5
hxg5 29. Be3 Nd7 30. f4 gxf4 31. Bxf4 Ba8 32. Bf3 Nxe5 33. Bxa8 Bxd6 34. Bg2 Nc4
35. Qg4 Bxf4 36. gxf4 Ne3 37. Qg5 Nxg2 38. h6 f6 39. Qxg2 Kh7 40. Qh3 Qxf4 41.
hxg7+ Kxg7 42. Qxe6 Qc1+ 43. Kf2 Qxb2+ 44. Kf1 Qc1+ 45. Ke2 Qc2+ 46. Kf1 Qd3+
47. Kf2 Qd2+ 48. Kf1 Qf4+ 49. Kg2 Qg5+ 50. Kf3 Qe5 51. Qxb6 Qxc3+ 52. Kg2 Kg6
53. Qc6 Qd2+ 54. Kf3 Qd3+ 55. Kg2 Qe2+ 56. Kg3 c4 57. Qc8 Qe5+ 58. Kg2 Qg5+ 59.
Kh2 Qf4+ 60. Kg2 Qe4+ 61. Kg3 Qe5+ 62. Kg2 c3 63. Qc4 Kg5 64. Kf3 Qf5+ 65. Ke3
Qh3+ 66. Kf2 Qh4+ 0-1

[Event "World Blitz 2016"]
[Site "Doha QAT"]
[Date "2016.12.30"]
[Round "18.31"]
[White "Dreev, Aleksey"]
[Black "Inarkiev, Ernesto"]
[Result "1-0"]
[WhiteTitle "GM"]
[BlackTitle "GM"]
[WhiteElo "2652"]
[BlackElo "2709"]
[WhiteFideId "4100107"]
[BlackFideId "4162722"]
[EventDate "2016.12.29"]

1. d4 Nf6 2. Nf3 e6 3. c4 b6 4. a3 Bb7 5. Nc3 d5 6. Qa4+ Bc6 7. Qb3 Nbd7 8. Bf4
Bd6 9. Bg3 O-O 10. e3 a6 11. Rd1 Qe7 12. Qc2 Rfe8 13. Bd3 dxc4 14. Bxc4 b5 15.
Ba2 Rac8 16. O-O Bxg3 17. hxg3 Bxf3 18. gxf3 c5 19. Qe2 Nb6 20. dxc5 Rxc5 21.
Rd4 Rec8 22. Rfd1 g6 23. Rd6 R5c6 24. Rxc6 Rxc6 25. Qd3 Nc4 26. Bxc4 Rxc4 27. e4
Kg7 28. Qe3 Qc7 29. e5 Nd7 30. f4 Nb6 31. Rd6 Rc6 32. Qd4 Nc4 33. Ne4 Qb6 34.
Qxb6 Rxb6 35. Rd8 Nxb2 36. Nf6 a5 37. Rg8+ Kh6 38. g4 1-0

[Event "World Blitz 2016"]
[Site "Doha QAT"]
[Date "2016.12.30"]
[Round "18.32"]
[White "Tari, Aryan"]
[Black "Maghsoodloo, Parham"]
[Result "0-1"]
[WhiteTitle "GM"]
[BlackTitle "GM"]
[WhiteElo "2584"]
[BlackElo "2584"]
[WhiteFideId "1510045"]
[BlackFideId "12539929"]
[EventDate "2016.12.29"]

1. e4 c5 2. Nf3 e6 3. d4 cxd4 4. Nxd4 a6 5. c4 Nf6 6. Nc3 Qc7 7. Be2 Bb4 8. Qd3
Nc6 9. Nxc6 dxc6 10. a3 Be7 11. O-O O-O 12. f4 e5 13. fxe5 Nd7 14. Qg3 Nxe5 15.
Bf4 Qb6+ 16. Kh1 Ng6 17. Bc7 Qa7 18. b4 b5 19. c5 Be6 20. Rad1 Rfe8 21. Bd6 Bh4
22. Qf3 Bf6 23. Qg3 Bb3 24. Rd2 Be5 25. Qe3 Be6 26. Bxe5 Nxe5 27. Qf4 f6 28. Rd6
a5 29. h3 axb4 30. axb4 Qa3 31. Nxb5 cxb5 32. Bxb5 Re7 33. Qd2 Rb8 34. Rd8+ Rxd8
35. Qxd8+ Kf7 36. Qd4 Kg6 37. Be2 h6 38. b5 Rd7 39. Qf2 Rd2 40. Bh5+ Kxh5 41.
Qxd2 Qxc5 42. Rb1 Qb6 43. Qe2+ Kg6 44. Rc1 Qd4 45. Rd1 Qc5 46. Rb1 Bc4 47. Qb2
Qb6 48. Qb4 Bd3 49. Rb2 Nc4 50. Ra2 Ne5 51. Rb2 Nc4 52. Ra2 Qe3 53. Ra1 Bxe4 54.
Kh2 Qf4+ 55. Kh1 Qg3 0-1

[Event "World Blitz 2016"]
[Site "Doha QAT"]
[Date "2016.12.30"]
[Round "18.33"]
[White "Kozul, Zdenko"]
[Black "Ganguly, Surya Shekhar"]
[Result "0-1"]
[WhiteTitle "GM"]
[BlackTitle "GM"]
[WhiteElo "2613"]
[BlackElo "2668"]
[WhiteFideId "14502879"]
[BlackFideId "5002150"]
[EventDate "2016.12.29"]

1. Nf3 d5 2. g3 g6 3. Bg2 Bg7 4. O-O e5 5. d3 Ne7 6. c4 dxc4 7. dxc4 Qxd1 8.
Rxd1 e4 9. Nd4 f5 10. Nc3 c6 11. Be3 Na6 12. Rd2 Bd7 13. Rad1 O-O-O 14. f3 exf3
15. exf3 Bf6 16. f4 Rhe8 17. Bf2 Kc7 18. a3 Nc8 19. b3 Nc5 20. b4 Ne6 21. Nf3
Nb6 22. Bxb6+ axb6 23. Ne2 Bc8 24. h4 Ng7 25. Rxd8 Rxd8 26. Rxd8 Kxd8 27. Ng5 h5
28. b5 Kc7 29. Kf2 Kd6 30. Ke3 Kc5 31. Kd3 cxb5 32. cxb5 Kxb5 33. Bd5 Bd7 34.
Bf7 Be8 35. Bb3 Kc5 36. Nf3 b5 37. Ne5 b4 38. a4 Kd6 39. Kd4 Ne6+ 40. Bxe6 Kxe6
41. Kc4 Bxe5 42. fxe5 Bxa4 43. Nf4+ Kxe5 44. Nxg6+ Ke4 45. Kxb4 Bc6 46. Kc5 Kf3
47. Nf4 Be8 48. Ne6 Kxg3 49. Ng7 Bg6 0-1

[Event "World Blitz 2016"]
[Site "Doha QAT"]
[Date "2016.12.30"]
[Round "18.34"]
[White "Potapov, Pavel"]
[Black "Banikas, Hristos"]
[Result "0-1"]
[WhiteTitle "GM"]
[BlackTitle "GM"]
[WhiteElo "2493"]
[BlackElo "2568"]
[WhiteFideId "4169786"]
[BlackFideId "4202031"]
[EventDate "2016.12.29"]

1. e4 c5 2. c3 Nf6 3. e5 Nd5 4. Bc4 e6 5. d4 cxd4 6. cxd4 d6 7. Nf3 Nb6 8. Bd3
Be7 9. O-O Nc6 10. Nc3 Nb4 11. Be4 O-O 12. Qe2 N4d5 13. Bd2 Bd7 14. Rac1 Bc6 15.
Bb1 dxe5 16. dxe5 Nxc3 17. Bxc3 Na4 18. Qc2 g6 19. Nd4 Bd7 20. Bd2 Qb6 21. Be3
Rac8 22. Qe4 Qxb2 23. Rxc8 Rxc8 24. Bd3 Nc5 0-1

[Event "World Blitz 2016"]
[Site "Doha QAT"]
[Date "2016.12.30"]
[Round "18.35"]
[White "Henriquez Villagra, Cristobal"]
[Black "Jumabayev, Rinat"]
[Result "0-1"]
[WhiteTitle "IM"]
[BlackTitle "GM"]
[WhiteElo "2517"]
[BlackElo "2611"]
[WhiteFideId "3409350"]
[BlackFideId "13702661"]
[EventDate "2016.12.29"]

1. e4 c5 2. Nf3 d6 3. Bb5+ Bd7 4. Bxd7+ Qxd7 5. c4 Nf6 6. Nc3 g6 7. d4 cxd4 8.
Nxd4 Bg7 9. f3 O-O 10. Nde2 Qc7 11. b3 a6 12. Be3 b5 13. cxb5 axb5 14. O-O Qb7
15. Qd3 b4 16. Na4 Nbd7 17. Rac1 d5 18. exd5 Nxd5 19. Rfd1 Nxe3 20. Qxe3 Nf6 21.
Rd3 Nd5 22. Qf2 e6 23. Rcd1 Rfc8 24. R3d2 Bh6 25. f4 Bg7 26. h3 h6 27. Kh2 Rc7
28. Ng3 Nc3 29. Rd8+ Rxd8 30. Rxd8+ Kh7 31. Nb6 Qa7 32. Ra8 Qb7 33. Rd8 Bf6 34.
Rd3 Bh4 35. Qe3 Qa7 36. Nc4 Qxe3 37. Rxe3 Nxa2 38. Ne4 Be7 39. Rd3 Nc1 40. Rf3
Nxb3 41. Ne5 Nd4 42. Rd3 Ne2 43. Nxf7 Nxf4 44. Rf3 Nd5 45. Ne5 Bg5 46. g3 Kg7
47. h4 Bf6 48. Ng4 Bd4 49. Nd6 Re7 50. Rd3 e5 51. Rd1 h5 52. Nxe5 Bxe5 53. Rxd5
Bxd6 54. Rxd6 Rb7 55. Rd2 b3 56. Rb2 Kf6 57. Kg2 Ke5 58. Kf3 Kd4 59. Kf4 Kc3 0-1

[Event "World Blitz 2016"]
[Site "Doha QAT"]
[Date "2016.12.30"]
[Round "18.37"]
[White "Belyakov, Bogdan"]
[Black "Borisek, Jure"]
[Result "1/2-1/2"]
[WhiteTitle "IM"]
[BlackTitle "GM"]
[WhiteElo "2487"]
[BlackElo "2561"]
[WhiteFideId "24104795"]
[BlackFideId "14603152"]
[EventDate "2016.12.29"]

1. e4 e5 2. Nf3 Nc6 3. Bc4 Bc5 4. b4 Bxb4 5. c3 Ba5 6. d4 d6 7. Qb3 Qd7 8. dxe5
Bb6 9. Bb5 Nge7 10. O-O O-O 11. Rd1 Qe6 12. exd6 cxd6 13. Qc2 Qg6 14. Ba3 Bc5
15. Bxc5 dxc5 16. Nbd2 Bh3 17. Bf1 Rad8 18. Nc4 Be6 19. Ne3 b6 20. Bb5 Na5 21.
Ne5 Qf6 22. Nd7 Bxd7 23. Bxd7 Qe5 24. Rd2 Qc7 25. Rad1 Ng6 26. Bf5 Ne5 27. Nd5
Qb8 28. Ne3 g6 29. Bh3 Nac4 30. Nxc4 Nxc4 31. Rd5 Rxd5 32. exd5 Nd6 33. g3 Re8
34. Bg2 Re5 35. h4 Qe8 36. Bf3 h5 37. Qd2 Kg7 38. Kg2 Qe7 39. Qd3 Qf6 40. c4 Rf5
41. Rd2 Qa1 42. Re2 Re5 43. Rxe5 Qxe5 44. Kf1 Qa1+ 45. Kg2 Qb2 46. Be2 a5 47. a3
Qe5 48. Kf1 Qe4 49. Qxe4 Nxe4 50. Bd3 Nd6 51. f4 Kf6 52. Kf2 Ke7 53. Ke3 f5 54.
Kd2 Kd7 55. a4 Ne8 56. Ke3 Kd6 57. Be2 Nc7 58. Bf3 Na6 59. Be2 Nb4 60. Bd3 Na6
61. Be2 Nc7 62. Bd3 Ne8 1/2-1/2

[Event "World Blitz 2016"]
[Site "Doha QAT"]
[Date "2016.12.30"]
[Round "18.38"]
[White "Aleksandrov, Aleksej"]
[Black "Jakovenko, Dmitry"]
[Result "1-0"]
[WhiteTitle "GM"]
[BlackTitle "GM"]
[WhiteElo "2574"]
[BlackElo "2704"]
[WhiteFideId "13500139"]
[BlackFideId "4122356"]
[EventDate "2016.12.29"]

1. d4 d5 2. c4 e6 3. Nc3 c6 4. e3 Nf6 5. Nf3 Nbd7 6. Bd3 dxc4 7. Bxc4 b5 8. Be2
b4 9. Na4 Be7 10. O-O O-O 11. a3 bxa3 12. b3 c5 13. dxc5 Bb7 14. Bxa3 Rc8 15.
Rc1 Ne4 16. b4 e5 17. Bb5 Ndf6 18. Qxd8 Rfxd8 19. Nxe5 Rd2 20. Bb2 Nd5 21. Nf3
Nxb4 22. Nxd2 Nxd2 23. Rfd1 a6 24. Bd7 1-0

[Event "World Blitz 2016"]
[Site "Doha QAT"]
[Date "2016.12.30"]
[Round "18.39"]
[White "Agdestein, Simen"]
[Black "Anton Guijarro, David"]
[Result "1/2-1/2"]
[WhiteTitle "GM"]
[BlackTitle "GM"]
[WhiteElo "2602"]
[BlackElo "2650"]
[WhiteFideId "1500015"]
[BlackFideId "2285525"]
[EventDate "2016.12.29"]

1. d4 Nf6 2. c4 e6 3. Nf3 b6 4. g3 Bb7 5. Bg2 Be7 6. O-O O-O 7. Nc3 Ne4 8. Nxe4
Bxe4 9. Qa4 d6 10. Rd1 Qd7 11. Qb3 f5 12. d5 Na6 13. Nd4 Bxg2 14. dxe6 Qc8 15.
Kxg2 Nc5 16. Qf3 Ne4 17. g4 c5 18. gxf5 Nxf2 19. Nc6 Bh4 20. Rxd6 Qe8 21. Be3 g6
22. Bxf2 Rxf5 23. Bxh4 Rxf3 24. exf3 g5 25. Bxg5 h6 26. Bh4 Qh5 27. Bg3 Re8 28.
Re1 Qf5 29. Re4 h5 30. e7 Kg7 31. Rd5 Qg6 32. Nd8 Kh7 33. Rd7 Qf6 34. Rxa7 Qxb2+
35. Kh3 Qf6 36. Rf4 Qg6 37. Bh4 Qg1 38. Bg3 Qf1+ 39. Kh4 Qd3 40. Ne6 Kh6 41.
Rf6+ Kh7 42. Ng5+ Kg7 43. Ne4 Qd4 44. Rf5 Kg6 45. Rf6+ Kg7 46. Kg5 h4 47. Be5
Qxe5+ 48. Rf5 Qe6 49. Rf6 Qe5+ 50. Rf5 Qd4 51. Nf6 Qg1+ 52. Ng4 h3 53. Rf6 Qc1+
54. f4 Qc2 55. f5 Qd2+ 56. Kh4 Qf4 57. Rg6+ Kh7 58. Rh6+ Kg7 59. f6+ Kf7 60.
Rh7+ Ke6 61. f7 Rxe7 62. f8=Q Rxh7+ 63. Rxh7 Qxf8 64. Rh6+ Kd7 65. Rxb6 Qd8+ 66.
Rf6 Qa5 67. Ne5+ Kc7 68. Rf5 Qxa2 69. Kxh3 Kd6 70. Kg3 Ke6 71. Rg5 Qb3+ 72. Kh4
Qe3 73. h3 Qf4+ 74. Kh5 Qf1 75. h4 Kf6 76. Ng4+ Ke7 77. Rxc5 Qf7+ 78. Kg5 Qg7+
79. Kf5 Qh7+ 80. Kg5 Qg7+ 81. Kh5 Qf7+ 82. Kh6 Qf8+ 83. Kg5 Qg7+ 84. Kh5 Qh7+
85. Kg5 Qg7+ 86. Kf5 Qh7+ 87. Kf4 Qxh4 88. Re5+ Kd6 89. c5+ Kc6 90. Rg5 Qh1 91.
Rf5 Qc1+ 92. Kg3 Kd7 93. Re5 Qc4 94. Kh4 Qd4 95. Kg5 Kc6 96. Kf5 Qd1 97. Nf6
Qf3+ 98. Ke6 Qh3+ 99. Ke7 Qc8 100. Rh5 Qc7+ 101. Ke6 Qd8 102. Kf7 Qc7+ 103. Kg6
Qe7 104. Rg5 Qe6 105. Rf5 Qe7 106. Ng4 Qe4 107. Kg5 Qe1 108. Ne5+ Kc7 109. c6
Qg3+ 110. Kf6 Qg8 111. Rg5 Qd8+ 112. Kf5 Qf8+ 113. Kg4 Qf6 114. Rf5 Qe6 115. Kf4
Qh6+ 116. Ke4 Qh7 117. Kf4 Qh4+ 118. Ke3 Qa4 119. Rf6 Qh4 120. Rf4 Qe1+ 121. Kd4
Qd2+ 122. Ke4 Qc2+ 123. Kd5 Qd2+ 124. Rd4 Qg5 125. Rg4 Qd2+ 126. Ke6 Qd6+ 127.
Kf5 Qf8+ 128. Ke4 Qb4+ 129. Kf5 Qf8+ 130. Ke6 Qd6+ 131. Kf5 Qf8+ 132. Ke4 1/2-1/2

[Event "World Blitz 2016"]
[Site "Doha QAT"]
[Date "2016.12.30"]
[Round "18.40"]
[White "Adhiban, Baskaran"]
[Black "Atabayev, Maksat"]
[Result "1-0"]
[WhiteTitle "GM"]
[BlackTitle "GM"]
[WhiteElo "2666"]
[BlackElo "2492"]
[WhiteFideId "5018471"]
[BlackFideId "14001101"]
[EventDate "2016.12.29"]

1. e4 c5 2. Nc3 a6 3. g3 b5 4. Bg2 Bb7 5. Nge2 e6 6. d4 b4 7. Na4 cxd4 8. Qxd4
Nc6 9. Qb6 Qxb6 10. Nxb6 Rb8 11. Bf4 d6 12. O-O-O e5 13. Be3 Nf6 14. Nc4 Ng4 15.
Nxd6+ Bxd6 16. Rxd6 Nxe3 17. fxe3 Ke7 18. Rhd1 Rhd8 19. Rxd8 Rxd8 20. c3 Rxd1+
21. Kxd1 Bc8 22. cxb4 Nxb4 23. Nc3 Nd3 24. Kd2 Nxb2 25. Bf1 Be6 26. Nd5+ Kd6 27.
Bxa6 Na4 28. Nb4 f6 29. Bd3 Nc5 30. Bc2 Bc8 31. Kc3 Bb7 32. Nd5 h6 33. a4 Ba6
34. a5 Bf1 35. Kb4 Na6+ 36. Kc3 Kc5 37. Bd3 Bxd3 38. Kxd3 1-0

[Event "World Blitz 2016"]
[Site "Doha QAT"]
[Date "2016.12.30"]
[Round "18.41"]
[White "Atabayev, Yusup"]
[Black "Quparadze, Giga"]
[Result "0-1"]
[WhiteTitle "IM"]
[BlackTitle "IM"]
[WhiteElo "2473"]
[BlackElo "2481"]
[WhiteFideId "14001128"]
[BlackFideId "13602250"]
[EventDate "2016.12.29"]

1. e4 c5 2. c3 Nf6 3. e5 Nd5 4. Nf3 Nc6 5. d4 cxd4 6. cxd4 d6 7. Bc4 dxe5 8.
dxe5 Ndb4 9. Qb3 e6 10. O-O Na5 11. Bb5+ Bd7 12. Qa4 Bxb5 13. Qxb5+ Nac6 14. Na3
a6 15. Qe2 Qd3 16. Qe1 Nd5 17. Qd1 Qxd1 18. Rxd1 Bxa3 19. bxa3 O-O-O 20. Bg5 Rd7
21. Rac1 h6 22. Bd2 Kb8 23. Kf1 Rhd8 24. Ke2 Nde7 25. Bc3 Rxd1 26. Rxd1 Nd5 27.
Bd2 Rc8 28. Rc1 Rd8 29. Rd1 Nce7 30. Rc1 Ng6 31. g3 Nge7 32. Bb4 Nxb4 33. axb4
Nc6 34. a3 Rd5 35. Rd1 Rb5 36. h4 Kc7 37. Rc1 Kb6 38. Rd1 Nxe5 39. a4 Rxb4 40.
Nxe5 Re4+ 41. Kd3 Rxe5 42. Rb1+ Kc6 43. Rc1+ Rc5 44. Rb1 Rd5+ 45. Kc4 Rd2 46. f3
Rg2 47. g4 h5 48. gxh5 Rh2 49. Kd3 Rxh4 50. Rg1 Rxh5 51. Rxg7 Rf5 52. Ke4 Kb6
53. Rg8 Ka5 54. Rb8 b6 55. Rb7 f6 56. f4 Rc5 57. Re7 f5+ 58. Kd4 Kxa4 59. Rxe6
Kb5 60. Re1 a5 61. Rb1+ Ka6 62. Ra1 Rb5 63. Ra2 Rc5 64. Ra1 Kb7 65. Rh1 a4 66.
Ra1 Ra5 67. Kc4 a3 68. Ra2 Kc6 69. Kb4 Kd5 0-1

[Event "World Blitz 2016"]
[Site "Doha QAT"]
[Date "2016.12.30"]
[Round "18.42"]
[White "Tregubov, Pavel V."]
[Black "Svane, Rasmus"]
[Result "0-1"]
[WhiteTitle "GM"]
[BlackTitle "GM"]
[WhiteElo "2585"]
[BlackElo "2555"]
[WhiteFideId "4115341"]
[BlackFideId "4657101"]
[EventDate "2016.12.29"]

1. d4 d5 2. c4 c6 3. cxd5 cxd5 4. Bf4 Nc6 5. e3 Nf6 6. Nc3 Bf5 7. Qb3 Na5 8.
Qa4+ Bd7 9. Qc2 e6 10. Bd3 Nc6 11. a3 Nh5 12. Be5 f6 13. Bg3 f5 14. Nf3 Be7 15.
Be5 Nf6 16. O-O O-O 17. Rfc1 Rc8 18. Qd1 Be8 19. Ne2 Ne4 20. Ne1 Bh5 21. f3 Nxe5
22. dxe5 Qb6 23. Nd4 f4 24. Rxc8 Rxc8 25. Rc1 Rxc1 26. Qxc1 fxe3 27. Qxe3 Bg5
28. f4 Bxf4 29. Qxf4 Qxd4+ 30. Kf1 g5 0-1

[Event "World Blitz 2016"]
[Site "Doha QAT"]
[Date "2016.12.30"]
[Round "18.43"]
[White "Darini, Pouria"]
[Black "Bindrich, Falko"]
[Result "0-1"]
[WhiteTitle "GM"]
[BlackTitle "GM"]
[WhiteElo "2511"]
[BlackElo "2590"]
[WhiteFideId "12502200"]
[BlackFideId "4676670"]
[EventDate "2016.12.29"]

1. d4 Nf6 2. Nc3 d5 3. Bf4 e6 4. Nb5 Na6 5. e3 c6 6. Nc3 Nc7 7. h3 Bd6 8. Nf3
O-O 9. Ne5 Nfe8 10. Bd3 f5 11. g4 c5 12. gxf5 exf5 13. dxc5 Bxc5 14. Bc4 Be6 15.
Bb3 d4 16. exd4 Bxd4 17. Qe2 Qh4 18. Bg3 Qf6 19. Nd7 Bxc3+ 20. Kf1 Qf7 21. Nxf8
Bxb3 22. axb3 Bxb2 23. Rb1 Bf6 24. Nxh7 Kxh7 25. Rg1 Kg8 26. Rd1 Ne6 27. Be5 Rc8
28. c4 a5 29. Bxf6 Nxf6 30. Qe5 Ne4 31. Rd5 Rf8 32. Rxa5 Nd2+ 33. Kg2 Qg6+ 34.
Qg3 Qxg3+ 35. fxg3 Nxb3 36. Rga1 Nxa1 37. Rxa1 Rc8 38. Rb1 Nc5 39. Rf1 g6 40. g4
fxg4 41. hxg4 Kg7 42. Re1 Kf6 43. Kg3 Ne6 44. Rb1 Rc7 45. Rb6 g5 46. Kf3 Ke5 47.
Rb5+ Nc5 48. Ke3 Kd6 49. Rb6+ Rc6 50. Rb1 Rc8 51. Rd1+ Ke6 52. Rd5 Nd7 53. Rxg5
Rxc4 54. Rb5 b6 55. Kf3 Ne5+ 56. Ke2 Rc6 57. Rb4 Kd5 58. Rb5+ Ke4 59. g5 Rg6 60.
Kf2 Kf5 61. Ke3 Rd6 62. Kf2 Rg6 63. Ke3 Rxg5 64. Kd4 Rg4+ 65. Kd5 Rg6 66. Rb1
Nd3 67. Kc4 Ke4 68. Kb5 Kd4 69. Rd1 Rd6 70. Rd2 Kc3 71. Rh2 Nc5 72. Rh3+ Kd4 73.
Rh5 Nd7 74. Rh4+ Kd5 75. Rh5+ Ke6 76. Rh6+ 0-1

[Event "World Blitz 2016"]
[Site "Doha QAT"]
[Date "2016.12.30"]
[Round "18.44"]
[White "Hirneise, Tobias"]
[Black "Ghaem Maghami, Ehsan"]
[Result "0-1"]
[WhiteTitle "IM"]
[BlackTitle "GM"]
[WhiteElo "2466"]
[BlackElo "2574"]
[WhiteFideId "24600881"]
[BlackFideId "12500739"]
[EventDate "2016.12.29"]

1. e4 g6 2. d4 Bg7 3. Nc3 d6 4. g3 Nf6 5. Bg2 O-O 6. Nge2 e5 7. h3 Nbd7 8. O-O
c6 9. a4 a5 10. Be3 Qc7 11. Qd2 Re8 12. Rad1 exd4 13. Nxd4 Nc5 14. f3 Bd7 15.
Nde2 Bf8 16. Bd4 Be7 17. Bxf6 Bxf6 18. Qxd6 Qxd6 19. Rxd6 Be7 20. Rd2 Rad8 21.
Rfd1 Bc8 22. Rxd8 Bxd8 23. f4 Kf8 24. b3 Bb6 25. Kh2 f6 26. Rd6 Ke7 27. Rd2 Na6
28. Bf3 Nb4 29. Ng1 Be3 30. Re2 Bd4 31. Nd1 Rd8 32. Rg2 Be6 33. h4 b5 34. axb5
cxb5 35. Nh3 Ba1 36. f5 gxf5 37. Nf4 fxe4 38. Bh5 Be5 39. Ne3 Bxf4 40. gxf4 Rc8
41. f5 Bg8 42. Rg7+ Kd6 43. Kg3 Ke5 44. Re7+ Kd4 45. Kf4 Nxc2 46. Rd7+ Kc3 47.
Nd1+ Kxb3 48. Kxe4 a4 49. Nf2 a3 50. Bd1 a2 51. Ra7 Kc3 52. Bxc2 Kxc2 53. Nd3
Re8+ 54. Kd4 Rd8+ 55. Kc5 Rxd3 0-1